000 00402nam a2200145 i 4500
001 26000
003 ES-MaACL
005 20230906153353.0
007 t|
008 030107s1965 sp ||||1| spa d
245 0 0 _aArte sacro y Concilio Vaticano II.
260 _aLeón :
_bJunta Nacional Asesora de Arte Sacro,
_c1965.
300 _a559 p., 16 lám. ;
_c25 cm.
852 _aES-MaACL
_jC-26985
_bR.55901
999 _c26000
_d26000